Planety z Gwiezdnych Wojen - Statistics

General Stats
  • This quiz has been taken 9 times
  • The average score is 51 of 120
Answer Stats
Skąd znana? Planeta % Correct
Powrót Jedi Endor
100%
Atak Klonów Geonosis
100%
Imperium Kontratakuje Hoth
100%
Atak Klonów Kamino
100%
Zemsta Sithów Kashyyyk
100%
Mroczne Widmo Naboo
100%
Nowa Nadzieja Tatooine
100%
Nowa Nadzieja Alderaan
86%
Imperium Kontratakuje Bespin
86%
Wojny Klonów Christophsis
86%
Mroczne Widmo Coruscant
86%
Nowa Nadzieja Dantooine
86%
Zemsta Sithów Felucia
86%
Zemsta Sithów Mustafar
86%
Imperium Kontratakuje Dagobah
71%
Wojny Klonów Dathomir
71%
Solo Kessel
71%
Rebelianci Lothal
71%
Wojny Klonów Mandalore
71%
Zemsta Sithów Utapau
71%
Nowa Nadzieja Yavin IV
71%
Solo Corellia
57%
Ostatni Jedi Crait
57%
Przebudzenie Mocy D'Qar
57%
Wojny Klonów Florrum
57%
Przebudzenie Mocy Jakku
57%
Łotr 1 Jedha
57%
Wojny Klonów Mortis
57%
Zemsta Sithów Mygeeto
57%
Wojny Klonów Nal Hutta
57%
Wojny Klonów Rodia
57%
Wojny Klonów Ryloth
57%
Zemsta Sithów Saleucami
57%
Łotr 1 Scarif
57%
Powrót Jedi Sullust
57%
Przebudzenie Mocy Takodana
57%
Solo Vandor
57%
Ostatni Jedi Ahch-To
43%
Skywalker. Przebudzenie Ajan Kloss
43%
Zemsta Sithów Cato Neimoidia
43%
Skywalker. Przebudzenie Exegol
43%
Przebudzenie Mocy Hosnian Prime
43%
Wojny Klonów Lola Sayu
43%
Rebelianci Malachor
43%
Wojny Klonów Malastare
43%
Solo Mimban
43%
Wojny Klonów Mon Cala
43%
Mandalorian Nevarro
43%
Wojny Klonów Oba Diah
43%
Wojny Klonów Onderon
43%
Parszywa Zgraja Ord Mantell
43%
Wojny Klonów Pantora
43%
Skywalker. Przebudzenie Pasaana
43%
Wojny Klonów Teth
43%
Wojny Klonów Toydaria
43%
Wojny Klonów Umbara
43%
Łotr 1 Wobani
43%
Wojny Klonów Abafar
29%
Wojny Klonów Abregado
29%
Andor Aldhani
29%
Wojny Klonów Anaxes
29%
Skeleton Crew At Achrann
29%
Skeleton Crew At Attin
29%
Rebelianci Atollon
29%
Wojny Klonów Bardotta
29%
Ostatni Jedi Cantonica
29%
Andor Chandrila
29%
Rebelianci Concord Dawn
29%
Parszywa Zgraja Desix
29%
Wojny Klonów Devaron
29%
Tales of... Duro
29%
Łotr 1 Eadu
29%
Andor Ferrix
29%
Andor Fondor
29%
Andor Ghorman
29%
Wojny Klonów Iego
29%
Przebudzenie Mocy Ilum (Baza Starkiller)
29%
Wojny Klonów Kadavo
29%
Mandalorian Kalevala
29%
Skywalker. Przebudzenie Kef Bir
29%
Andor Kenari
29%
Skywalker. Przebudzenie Kijimi
29%
Rebelianci Lasan
29%
Rebelianci Lira San
29%
Wojny Klonów Maridun
29%
Andor Mina-Rau
29%
Wojny Klonów Moraband
29%
Mandalorian Morak
29%
Andor Narkina V
29%
Andor Niamos
29%
Parszywa Zgraja Pabu
29%
Ahsoka Peridea
29%
Wojny Klonów Raxus
29%
Wojny Klonów Scipio
29%
Wojny Klonów Serenno
29%
Tales of... Shili
29%
Mandalorian Tython
29%
Wojny Klonów Vanqor
29%
Wojny Klonów Vassek
29%
Parszywa Zgraja Wayland
29%
Wojny Klonów Zygerria
29%
Wojny Klonów Aleen
14%
Akolita Brendok
14%
Wojny Klonów Carlac
14%
Mandalorian Corvus
14%
Parszywa Zgraja Eriadu
14%
Wojny Klonów Glee Anselm
14%
Akolita Khofar
14%
Wojny Klonów Kiros
14%
Rebelianci Krownest
14%
Skeleton Crew Lanupa
14%
Akolita Olega
14%
Mandalorian Plazir
14%
Wojny Klonów Rishi
14%
Solo Savareen
14%
Mandalorian Sorgan
14%
Andor Steergard
14%
Parszywa Zgraja Bracca
0%
Andor Morlana
0%
Ahsoka Seatos
0%
No matching quizzes found
Score Distribution
Percent of People with Each Score
Percentile by Number Answered
Your Score History
You have not taken this quiz